Résolution numérique des systèmes d'équations linéaires /
Guardado en:
| Autor Principal: | |
|---|---|
| Formato: | Libro |
| Idioma: | French |
| Publicado: |
Paris :
Gauthier-Villars,
1956.
|
| Series: | Collection Manuels de calculs techniques
|
| Etiquetas: |
Agregar Etiqueta
Sin Etiquetas, Sea el primero en etiquetar este registro!
|
| LEADER | 00507nam a22001455a 4500 | ||
|---|---|---|---|
| 001 | MAT.inmabb001470 | ||
| 008 | 031124s1956####fr############000#0#fre#d | ||
| 005 | 20170816123206.0 | ||
| 245 | 1 | 0 | |a Résolution numérique des systèmes d'équations linéaires / |c par Louis Couffignal. |
| 260 | |a Paris : |b Gauthier-Villars, |c 1956. | ||
| 300 | |a iii, 180 p. ; |c 21 cm. | ||
| 440 | 0 | |a Collection Manuels de calculs techniques | |
| 100 | 1 | |a Couffignal, Louis. | |
| 084 | |a 34-XX |a 65-XX |2 msc2000 | ||
| 859 | |h 34 |i C854 |p A-1765 |b BIB. MATEMATICA | ||
